Hypotéky stále ako číslo jeden

Pohľad na slovenský hypotekárny trh v praxi po zavedených regulačných opatreniach zo strany NBS.

Salvato in:
Dettagli Bibliografici
Natura: Capitolo di libro
Lingua:slovacco
Soggetti:
Tags: Aggiungi Tag
Nessun Tag, puoi essere il primo ad aggiungerne!!

MARC

LEADER 00000naa a2200000 4500
001 0256958
005 20190709081451.1
041 0 |a slo 
044 |a CZ 
245 1 0 |a Hypotéky stále ako číslo jeden 
520 |a Pohľad na slovenský hypotekárny trh v praxi po zavedených regulačných opatreniach zo strany NBS. 
610 2 0 |a bankovníctvo 
610 2 0 |a regulácia 
610 2 0 |a hypotéky 
610 2 0 |a banky centrálne 
610 2 0 |a produkt domáci hrubý